[Event "SRB-chT Premier"]
[Site "Bajina Basta"]
[Date "2023.09.22"]
[Round "5.5"]
[White "Perunovic, Miodrag"]
[Black "Scekic, Milos"]
[Result "1/2-1/2"]
[WhiteElo "2384"]
[BlackElo "2408"]
[PlyCount "46"]
[EventDate "2023.09.18"]
[EventType "team-tourn"]
[EventRounds "11"]
[EventCountry "SRB"]
[SourceTitle "EXT 2024"]
[Source "ChessBase"]
[SourceDate "2023.10.10"]
[SourceVersion "1"]
[SourceVersionDate "2023.10.10"]
[SourceQuality "1"]
[WhiteTeam "Pozega"]
[BlackTeam "Belgrade Zmaj"]
[WhiteTeamCountry "SRB"]
[BlackTeamCountry "SRB"]

1. e4 d6 2. d4 Nf6 3. Nc3 e5 4. Nf3 Nbd7 5. Rg1 c6 6. g4 g6 7. g5 Nh5 8. Be3 Bg7 9. Qd2 0-0 10. 0-0-0 Qa5 11. a3 Re8 12. Kb1 a6 13. Be2 b5 14. dxe5 dxe5 15. Qc1 Nf4 16. Bf1 b4 17. axb4 Qxb4 18. Nd2 Rb8 19. Na2 Qa4 20. Nc4 Bf8 21. Nc3 Qb4 22. Na2 Qa4 23. Nc3 Qb4 1/2-1/2

[Event "SRB-chT Premier"]
[Site "Vrnjacka Banja"]
[Date "2021.09.09"]
[Round "3.3"]
[White "Tadic, Branko"]
[Black "Scekic, Milos"]
[Result "1/2-1/2"]
[WhiteElo "2476"]
[BlackElo "2399"]
[PlyCount "67"]
[EventDate "2021.09.07"]
[EventType "team-tourn"]
[EventRounds "11"]
[EventCountry "SRB"]
[SourceTitle "CBM 204 Extra"]
[Source "ChessBase"]
[SourceDate "2021.11.30"]
[SourceVersion "1"]
[SourceVersionDate "2021.11.30"]
[SourceQuality "1"]
[WhiteTeam "Vladimirci"]
[BlackTeam "Belgrade Politika"]
[WhiteTeamCountry "SRB"]
[BlackTeamCountry "SRB"]

1. Nf3 d5 2. d4 Nf6 3. c4 c6 4. g3 g6 5. Bg2 Bg7 6. cxd5 cxd5 7. Nc3 Nc6 8. Ne5 0-0 9. 0-0 e6 10. Nxc6 bxc6 11. Bf4 Nd7 12. Qd2 Qb6 13. Rfd1 e5 14. dxe5 Nxe5 15. b3 Ng4 16. e3 Qd8 17. h4 h6 18. Qc2 Qf6 19. Na4 g5 20. hxg5 hxg5 21. Bc7 Bf5 22. Qe2 Qe7 23. Ba5 Bxa1 24. Rxa1 Nf6 25. Rc1 Rfc8 26. Bc3 Ne4 27. Bd4 f6 28. Nc5 Nxc5 29. Rxc5 Qe6 30. Qh5 Rf8 31. Bh3 Bxh3 32. Qg6+ Kh8 33. Qh6+ Kg8 34. Qg6+ 1/2-1/2

[Event "SRB-chT"]
[Site "Subotica"]
[Date "2019.09.01"]
[Round "11.5"]
[White "Scekic, Milos"]
[Black "Popovic, Dusan"]
[Result "1/2-1/2"]
[WhiteElo "2381"]
[BlackElo "2481"]
[PlyCount "25"]
[EventDate "2019.08.22"]
[EventType "team-tourn"]
[EventRounds "11"]
[EventCountry "SRB"]
[SourceTitle "EXT 2020"]
[Source "ChessBase"]
[SourceDate "2019.10.17"]
[SourceVersion "1"]
[SourceVersionDate "2019.10.17"]
[SourceQuality "1"]
[WhiteTeam "Rudovci Radnicki"]
[BlackTeam "Subotica Spartak"]
[WhiteTeamCountry "SRB"]
[BlackTeamCountry "SRB"]

1. Nf3 Nf6 2. c4 g6 3. d4 Bg7 4. Nc3 d6 5. e4 0-0 6. Be2 e5 7. dxe5 dxe5 8. Qxd8 Rxd8 9. Bg5 Re8 10. Nd5 Nxd5 11. cxd5 c6 12. Bc4 cxd5 13. Bxd5 1/2-1/2

[Event "SRB-chT"]
[Site "Subotica"]
[Date "2019.08.31"]
[Round "10.2"]
[White "Popov, Ivan1111"]
[Black "Scekic, Milos"]
[Result "1/2-1/2"]
[WhiteElo "2604"]
[BlackElo "2381"]
[PlyCount "58"]
[EventDate "2019.08.22"]
[EventType "team-tourn"]
[EventRounds "11"]
[EventCountry "SRB"]
[SourceTitle "EXT 2020"]
[Source "ChessBase"]
[SourceDate "2019.10.17"]
[SourceVersion "1"]
[SourceVersionDate "2019.10.17"]
[SourceQuality "1"]
[WhiteTeam "Belgrade Itaka"]
[BlackTeam "Rudovci Radnicki"]
[WhiteTeamCountry "SRB"]
[BlackTeamCountry "SRB"]

1. e4 c6 2. Nc3 d5 3. Nf3 Bg4 4. h3 Bxf3 5. Qxf3 e6 6. d4 Nf6 7. Bg5 Be7 8. 0-0-0 Nxe4 9. Bxe7 Qxe7 10. Nxe4 dxe4 11. Qxe4 Nd7 12. g3 Qg5+ 13. Kb1 Qd5 14. Qxd5 cxd5 15. c4 dxc4 16. d5 Rc8 17. dxe6 fxe6 18. b3 Nb6 19. Bg2 Rc7 20. Rhe1 cxb3 21. axb3 Ke7 22. Re3 Re8 23. f4 g6 24. Rde1 Kf6 25. g4 Ree7 26. g5+ Kf7 27. h4 Nd7 28. Bd5 Nf8 29. Bc4 Rc5 1/2-1/2

[Event "SRB-chT"]
[Site "Ruma"]
[Date "2017.09.09"]
[Round "9.3"]
[White "Mladenovic, Stefan"]
[Black "Scekic, Milos"]
[Result "1/2-1/2"]
[WhiteElo "2324"]
[BlackElo "2395"]
[PlyCount "89"]
[EventDate "2017.09.01"]
[EventType "team-tourn"]
[EventRounds "11"]
[EventCountry "SRB"]
[SourceTitle "CBM 180 Extra"]
[Source "ChessBase"]
[SourceDate "2017.10.06"]
[SourceVersion "1"]
[SourceVersionDate "2017.10.06"]
[SourceQuality "1"]
[WhiteTeam "Paracin OSK"]
[BlackTeam "Novi Banovci Omladinac"]
[WhiteTeamCountry "SRB"]
[BlackTeamCountry "SRB"]

1. d4 Nf6 2. Nf3 e6 3. c4 Bb4+ 4. Bd2 Qe7 5. g3 Nc6 6. Bg2 0-0 7. 0-0 Bxd2 8. Nbxd2 d6 9. e4 e5 10. d5 Nb8 11. b4 a5 12. a3 Bg4 13. Qb3 Nbd7 14. Rfd1 Bxf3 15. Bxf3 b6 16. Qe3 Ra7 17. Nb3 Rfa8 18. bxa5 bxa5 19. c5 a4 20. cxd6 cxd6 21. Nd2 Nc5 22. Rab1 h6 23. Rb4 Rc7 24. Be2 Qd7 25. Bb5 Qh3 26. f3 Rac8 27. Rc1 Nh7 28. Bxa4 f5 29. exf5 Qxf5 30. Ne4 Nxe4 31. fxe4 Qg4 32. Rxc7 Rxc7 33. Rb8+ Kf7 34. Be8+ Ke7 35. Bc6 Ng5 36. Rb4 Qh5 37. h4 Nf3+ 38. Kf2 Nd4 39. Rb7 Rxb7 40. Bxb7 Qd1 41. Ba6 g6 42. Be2 Qc2 43. g4 h5 44. gxh5 gxh5 45. Qd3 1/2-1/2

[Event "SRB-chT"]
[Site "Ruma"]
[Date "2017.09.01"]
[Round "1.1"]
[White "Scekic, Milos"]
[Black "Popovic, Dusan"]
[Result "1/2-1/2"]
[WhiteElo "2395"]
[BlackElo "2528"]
[PlyCount "39"]
[EventDate "2017.09.01"]
[EventType "team-tourn"]
[EventRounds "11"]
[EventCountry "SRB"]
[SourceTitle "CBM 180 Extra"]
[Source "ChessBase"]
[SourceDate "2017.10.06"]
[SourceVersion "1"]
[SourceVersionDate "2017.10.06"]
[SourceQuality "1"]
[WhiteTeam "Novi Banovci Omladinac"]
[BlackTeam "Kac Jugovic"]
[WhiteTeamCountry "SRB"]
[BlackTeamCountry "SRB"]

1. d4 Nf6 2. c4 g6 3. Nc3 Bg7 4. e4 d6 5. f3 0-0 6. Be3 e5 7. d5 Nh5 8. Nge2 f5 9. Qd2 a6 10. 0-0-0 b5 11. cxb5 axb5 12. a3 Nd7 13. Nxb5 fxe4 14. fxe4 Nhf6 15. Nec3 Ng4 16. Be2 Nc5 17. Kc2 Nf2 18. Bxf2 Rxf2 19. Qe3 Rxg2 20. Rdg1 1/2-1/2

[Event "New Jersey Futurity 2nd"]
[Site "New Jersey"]
[Date "2008.07.11"]
[Round "8"]
[White "Yudasin, Leonid"]
[Black "Scekic, Milos"]
[Result "1-0"]
[WhiteElo "2550"]
[BlackElo "2371"]
[PlyCount "63"]
[EventDate "2008.07.07"]
[EventType "tourn"]
[EventRounds "9"]
[EventCountry "USA"]
[EventCategory "8"]
[SourceTitle "CBM 125 Extra"]
[Source "ChessBase"]
[SourceDate "2008.09.01"]
[SourceVersion "1"]
[SourceVersionDate "2008.09.01"]
[SourceQuality "1"]

1. e4 c6 2. d4 d5 3. e5 Bf5 4. c3 e6 5. Be3 Qb6 6. Qb3 Nd7 7. Nd2 Ne7 8. f4 f6 9. Ngf3 fxe5 10. fxe5 h6 11. h4 c5 12. Qxb6 axb6 13. h5 c4 14. Nh4 b5 15. Be2 Bh7 16. Bg4 Nf5 17. Bxf5 exf5 18. 0-0 Be7 19. Nxf5 Bxf5 20. Rxf5 Nf8 21. e6 Rd8 22. Re1 Nxe6 23. Bf2 Ng5 24. Ree5 Nf7 25. Rxd5 Ra8 26. a3 Nd6 27. Rfe5 Kf7 28. Ne4 Rhd8 29. Rxe7+ Kxe7 30. Bh4+ Ke6 31. Re5+ Kd7 32. Nxd6 1-0

[Event "New Jersey Futurity 2nd"]
[Site "New Jersey"]
[Date "2008.07.10"]
[Round "6"]
[White "Ehlvest, Jaan"]
[Black "Scekic, Milos"]
[Result "1/2-1/2"]
[WhiteElo "2603"]
[BlackElo "2371"]
[PlyCount "37"]
[EventDate "2008.07.07"]
[EventType "tourn"]
[EventRounds "9"]
[EventCountry "USA"]
[EventCategory "8"]
[SourceTitle "CBM 125 Extra"]
[Source "ChessBase"]
[SourceDate "2008.09.01"]
[SourceVersion "1"]
[SourceVersionDate "2008.09.01"]
[SourceQuality "1"]

1. d4 c5 2. d5 Nf6 3. c4 b5 4. cxb5 a6 5. bxa6 Bxa6 6. Nc3 d6 7. g3 g6 8. Bg2 Bg7 9. Nf3 0-0 10. 0-0 Nbd7 11. Rb1 Nb6 12. b3 Bb7 13. e4 Ba6 14. Re1 Ng4 15. Ne2 Nd7 16. Bb2 Bxe2 17. Rxe2 Rxa2 18. Bxg7 Rxe2 19. Qxe2 1/2-1/2

[Event "World op 34th"]
[Site "Philadelphia"]
[Date "2006.07.04"]
[Round "9"]
[White "Arnold, Marc Tyler"]
[Black "Scekic, Milos"]
[Result "1/2-1/2"]
[WhiteElo "2105"]
[BlackElo "2391"]
[PlyCount "183"]
[EventDate "2006.06.28"]
[EventType "swiss"]
[EventRounds "9"]
[EventCountry "USA"]
[SourceTitle "CBM 112 Extra"]
[Source "ChessBase"]
[SourceDate "2006.07.14"]
[SourceVersion "1"]
[SourceVersionDate "2006.07.14"]
[SourceQuality "1"]

1. d4 c5 2. d5 e5 3. e4 d6 4. Bd3 g6 5. c4 Nf6 6. Nc3 Bg7 7. Nge2 0-0 8. 0-0 Nbd7 9. Ng3 Kh8 10. Be3 a6 11. a4 Ng8 12. Qd2 Qh4 13. Nce2 a5 14. f3 Bh6 15. Bxh6 Qxh6 16. Qxh6 Nxh6 17. Bc2 Nf6 18. h3 Kg7 19. Rae1 Nd7 20. b3 b6 21. Rf2 Ba6 22. Ref1 Rae8 23. Nc3 Nf6 24. Nce2 Bc8 25. Bd3 Nhg8 26. Nc3 Bd7 27. Nge2 Nh5 28. Kh2 Ne7 29. g3 g5 30. Nd1 Nf6 31. Ne3 Ng6 32. Nc3 h5 33. Nf5+ Bxf5 34. exf5 Ne7 35. g4 Rh8 36. Kg2 Rh7 37. Rh1 Reh8 38. Rff1 Kf8 39. Bc2 Neg8 40. Rfg1 Ke7 41. Rf1 Rh6 42. Re1 Kd7 43. Ref1 R6h7 44. Re1 Kd8 45. Bb1 Rg7 46. Ref1 Nd7 47. Re1 Ngf6 48. Re2 Rgh7 49. Ree1 Nb8 50. Ref1 Na6 51. Re1 Nb4 52. Ne4 Nxe4 53. fxe4 Ke7 54. Ref1 Kf6 55. Rfg1 Ke7 56. Re1 Kd7 57. Ref1 Kc7 58. Re1 b5 59. axb5 Kb6 60. h4 Rg7 61. Reg1 gxh4 62. Rxh4 Rxg4+ 63. Rxg4 hxg4 64. Rh1 Ra8 65. Kg3 a4 66. bxa4 Ka5 67. f6 Kxa4 68. Bd3 Kb3 69. Be2 Kc3 70. Bxg4 Kxc4 71. b6 Rb8 72. Rh7 Rxb6 73. Rxf7 Rb8 74. Re7 Rf8 75. f7 Kd3 76. Bh5 c4 77. Re8 Rxf7 78. Bxf7 c3 79. Rc8 c2 80. Kg4 Na2 81. Rxc2 Kxc2 82. Kf5 Kd3 83. Bg6 Kd4 84. Ke6 Kc5 85. Ke7 Nc1 86. Bf5 Ne2 87. Bg4 Nc3 88. Bf3 Nb5 89. Bh1 Nd4 90. Bg2 Nc2 91. Bh1 Ne1 92. Kd7 1/2-1/2

[Event "Schaumburg GM-B"]
[Site "Schaumburg"]
[Date "2006.04.21"]
[Round "7"]
[White "Scekic, Milos"]
[Black "Golod, Vitali"]
[Result "0-1"]
[WhiteElo "2391"]
[BlackElo "2571"]
[PlyCount "57"]
[EventDate "2006.04.18"]
[EventType "tourn"]
[EventRounds "9"]
[EventCountry "USA"]
[EventCategory "7"]
[SourceTitle "CBM 111 Extra"]
[Source "ChessBase"]
[SourceDate "2006.05.09"]
[SourceVersion "1"]
[SourceVersionDate "2006.05.09"]
[SourceQuality "1"]

1. d4 Nf6 2. Nf3 g6 3. c4 Bg7 4. Nc3 d5 5. Bg5 Ne4 6. cxd5 Nxg5 7. Nxg5 e6 8. Qd2 h6 9. Nf3 exd5 10. g3 0-0 11. Bg2 c6 12. 0-0 Nd7 13. Rac1 Re8 14. e3 Nb6 15. b3 a5 16. Ne1 h5 17. Nd3 h4 18. f4 a4 19. Ne5 axb3 20. axb3 Qe7 21. Nd1 Ra3 22. Rc3 hxg3 23. hxg3 Qb4 24. Qb2 Na4 25. Nd3 Qxc3 26. Qxa3 Qxd3 27. Qxa4 Bg4 28. Nf2 Qxe3 29. Qb4 0-1

[Event "Schaumburg GM-B"]
[Site "Schaumburg"]
[Date "2006.04.20"]
[Round "6"]
[White "Lawson, Eric"]
[Black "Scekic, Milos"]
[Result "1-0"]
[WhiteElo "2369"]
[BlackElo "2391"]
[PlyCount "75"]
[EventDate "2006.04.18"]
[EventType "tourn"]
[EventRounds "9"]
[EventCountry "USA"]
[EventCategory "7"]
[SourceTitle "CBM 111 Extra"]
[Source "ChessBase"]
[SourceDate "2006.05.09"]
[SourceVersion "1"]
[SourceVersionDate "2006.05.09"]
[SourceQuality "1"]

1. e4 e6 2. d4 d5 3. Nd2 dxe4 4. Nxe4 Bd7 5. Nf3 Bc6 6. Bd3 Nd7 7. 0-0 Ngf6 8. Ned2 b6 9. b3 a5 10. Bb2 a4 11. c4 Be7 12. Re1 0-0 13. Qc2 h6 14. Rad1 axb3 15. axb3 Bb4 16. Re3 Bb7 17. Ne5 Nxe5 18. dxe5 Ng4 19. Re2 Ra2 20. Nf3 Qa8 21. Qb1 Bxf3 22. gxf3 Rxb2 23. Qxb2 Qxf3 24. Be4 Qf4 25. Bg2 Qxh2+ 26. Kf1 Bc5 27. b4 Bxf2 28. Rxf2 Ne3+ 29. Ke2 Nxd1 30. Kxd1 Rd8+ 31. Kc1 Qh4 32. Bf1 Qe4 33. Qc3 Rd4 34. Qf3 Qe1+ 35. Kc2 Rd7 36. Bd3 Qxb4 37. Qa8+ Qf8 38. Bh7+ 1-0

[Event "Schaumburg GM-B"]
[Site "Schaumburg"]
[Date "2006.04.19"]
[Round "4"]
[White "Gurevich, Dmitry"]
[Black "Scekic, Milos"]
[Result "1-0"]
[WhiteElo "2503"]
[BlackElo "2391"]
[PlyCount "77"]
[EventDate "2006.04.18"]
[EventType "tourn"]
[EventRounds "9"]
[EventCountry "USA"]
[EventCategory "7"]
[SourceTitle "CBM 111 Extra"]
[Source "ChessBase"]
[SourceDate "2006.05.09"]
[SourceVersion "1"]
[SourceVersionDate "2006.05.09"]
[SourceQuality "1"]

1. d4 Nf6 2. c4 e6 3. Nc3 Bb4 4. e3 0-0 5. Bd3 c5 6. Nge2 d5 7. cxd5 cxd4 8. exd4 Nxd5 9. 0-0 Nc6 10. a3 Be7 11. Bc2 Nxc3 12. bxc3 b6 13. Qd3 g6 14. Rd1 Bb7 15. Bh6 Re8 16. Qg3 Bf8 17. Bg5 Qd6 18. Bf4 Qd5 19. Rab1 Ba6 20. Qe3 Rac8 21. Ng3 f5 22. Ba4 Bc4 23. Be5 b5 24. Nh5 bxa4 25. Nf6+ Kf7 26. Nxd5 exd5 27. Rb7+ Kg8 28. Qg5 Re6 29. h4 Bb3 30. Rd3 h6 31. Qf4 Nxe5 32. dxe5 Bg7 33. h5 Rc4 34. Rd4 Rxc3 35. hxg6 Rxg6 36. Qxf5 Rc1+ 37. Kh2 Bc2 38. Qc8+ Kh7 39. Rg4 1-0

[Event "Schaumburg GM-B"]
[Site "Schaumburg"]
[Date "2006.04.18"]
[Round "2"]
[White "Burnett, Ronald"]
[Black "Scekic, Milos"]
[Result "0-1"]
[WhiteElo "2390"]
[BlackElo "2391"]
[PlyCount "100"]
[EventDate "2006.04.18"]
[EventType "tourn"]
[EventRounds "9"]
[EventCountry "USA"]
[EventCategory "7"]
[SourceTitle "CBM 111 Extra"]
[Source "ChessBase"]
[SourceDate "2006.05.09"]
[SourceVersion "1"]
[SourceVersionDate "2006.05.09"]
[SourceQuality "1"]

1. e4 c6 2. d4 d5 3. e5 Bf5 4. Be3 e6 5. Nd2 Nd7 6. f4 h5 7. Ngf3 Nh6 8. Be2 Bg4 9. g3 Nf5 10. Bf2 h4 11. Nxh4 Bxe2 12. Qxe2 Nxh4 13. gxh4 g6 14. 0-0-0 Qa5 15. Kb1 Nb6 16. Rhg1 Be7 17. f5 gxf5 18. Rg7 Bf8 19. Rg2 Qb5 20. Qf3 Bh6 21. Be3 0-0-0 22. Bxh6 Rxh6 23. h5 Nc4 24. b3 Rh7 25. Nf1 c5 26. Ka1 Na5 27. Ne3 Kb8 28. c4 Qa6 29. dxc5 Nxb3+ 30. Kb1 Nxc5 31. cxd5 Ne4 32. Rc2 Rhh8 33. Nxf5 exf5 34. Qxf5 Qb5+ 35. Ka1 Rxd5 36. Rdc1 Nc5 37. Qxf7 Qd7 38. Qf6 Rc8 39. h6 b6 40. e6 Qd6 41. Qg6 Qe5+ 42. Kb1 Rd6 43. h7 Rxe6 44. Qg8 Ree8 45. Qf7 Re7 46. Qg8 Qg7 47. Qd5 Qxh7 48. Qd6+ Rec7 49. Ka1 Qe7 50. Qg3 Qg7+ 0-1

[Event "New York Marshall CC-ch 89th"]
[Site "New York"]
[Date "2005.12.11"]
[Round "4"]
[White "Molner, Mackenzie"]
[Black "Scekic, Milos"]
[Result "0-1"]
[WhiteElo "2241"]
[BlackElo "2395"]
[PlyCount "42"]
[EventDate "2005.12.09"]
[EventType "swiss"]
[EventRounds "9"]
[EventCountry "USA"]
[SourceTitle "CBM 109 Extra"]
[Source "ChessBase"]
[SourceDate "2006.01.03"]
[SourceVersion "2"]
[SourceVersionDate "2006.01.03"]
[SourceQuality "1"]

1. e4 c6 2. d4 d6 3. Nc3 Nf6 4. f4 g6 5. Nf3 Bg4 6. h3 Bxf3 7. Qxf3 Qb6 8. e5 Nfd7 9. exd6 e6 10. Bd2 Bxd6 11. Ne4 Be7 12. 0-0-0 Nf6 13. c4 Nbd7 14. Bc3 Nxe4 15. Qxe4 Bf6 16. g4 0-0-0 17. Bg2 Qa6 18. c5 Qxa2 19. g5 Bg7 20. Rhe1 h6 21. Qc2 Nb8 0-1

[Event "SUI-chT"]
[Site "Switzerland"]
[Date "2005.02.27"]
[Round "1.1"]
[White "Bauer, Christian"]
[Black "Scekic, Milos"]
[Result "1/2-1/2"]
[WhiteElo "2650"]
[BlackElo "2515"]
[PlyCount "96"]
[EventDate "2005.02.27"]
[EventType "team-tourn"]
[EventRounds "9"]
[EventCountry "SUI"]
[SourceTitle "EXT 2006"]
[Source "ChessBase"]
[SourceDate "2005.11.24"]
[SourceVersion "1"]
[SourceVersionDate "2005.11.24"]
[SourceQuality "1"]
[WhiteTeam "Biel"]
[BlackTeam "Basel"]
[WhiteTeamCountry "SUI"]
[BlackTeamCountry "SUI"]

1. d4 d5 2. c4 e6 3. Nf3 Nf6 4. g3 Be7 5. Bg2 0-0 6. 0-0 c6 7. Qb3 b6 8. Bf4 Bb7 9. Rd1 Ne4 10. Nc3 Nxc3 11. Qxc3 Nd7 12. Rac1 Rc8 13. Qd3 Ba6 14. h3 c5 15. dxc5 bxc5 16. h4 Qb6 17. Qc2 d4 18. e3 Bb7 19. exd4 Bxf3 20. Bxf3 cxd4 21. Qe4 Rcd8 22. Qxd4 Qxd4 23. Rxd4 e5 24. Rxd7 Rxd7 25. Bxe5 Bc5 26. b4 Bxb4 27. c5 Ba3 28. Rc4 Rd3 29. Kg2 Rc8 30. Be4 Rd2 31. Bf4 Rd1 32. c6 Bd6 33. Be3 Rc7 34. Ra4 f5 35. Bf3 Rd3 36. Ra5 g6 37. Bxa7 Ra3 38. Bd5+ Kf8 39. Rxa3 Bxa3 40. Bb6 Rc8 41. c7 Bd6 42. Be6 Rxc7 43. Bxc7 Bxc7 44. f4 Ke7 45. Bg8 h5 46. Kf3 Ba5 47. Ke2 Kf6 48. a4 Bb4 1/2-1/2

[Event "New York Masters 104th"]
[Site "New York"]
[Date "2004.05.25"]
[Round "4"]
[White "Becerra Rivero, Julio"]
[Black "Scekic, Milos"]
[Result "1/2-1/2"]
[WhiteElo "2569"]
[BlackElo "2423"]
[PlyCount "37"]
[EventDate "2004.06.01"]
[EventType "swiss (rapid)"]
[EventRounds "4"]
[EventCountry "USA"]
[SourceTitle "CBM 100 Extra"]
[Source "ChessBase"]
[SourceDate "2004.07.06"]
[SourceVersion "2"]
[SourceVersionDate "2004.07.06"]
[SourceQuality "1"]

1. e4 c6 2. d4 d6 3. Nf3 Nf6 4. Bd3 e5 5. c3 Nbd7 6. 0-0 Be7 7. Re1 0-0 8. Nbd2 Qc7 9. a4 b6 10. Nf1 a6 11. Ng3 Re8 12. b4 Bb7 13. Bd2 Bf8 14. Rb1 Rad8 15. Qc2 g6 16. Rbd1 Bg7 17. dxe5 dxe5 18. Bc4 h6 19. Qc1 1/2-1/2

[Event "EU-Cup 19th"]
[Site "Rethymno"]
[Date "2003.09.29"]
[Round "2.2"]
[White "Scekic, Milos"]
[Black "Rasik, Vitezslav"]
[Result "0-1"]
[WhiteElo "2434"]
[BlackElo "2466"]
[PlyCount "60"]
[EventDate "2003.09.28"]
[EventType "team-swiss"]
[EventRounds "7"]
[EventCountry "GRE"]
[SourceTitle "CBM 098"]
[Source "ChessBase"]
[SourceDate "2004.02.03"]
[SourceVersion "1"]
[SourceVersionDate "2004.02.03"]
[SourceQuality "1"]
[WhiteTeam "Glasinac"]
[BlackTeam "Trinec"]
[WhiteTeamCountry "BIH"]
[BlackTeamCountry "CZE"]

1. d4 Nf6 2. c4 g6 3. f3 Bg7 4. e4 0-0 5. Be3 c6 6. Nc3 a6 7. c5 d6 8. Nge2 Nbd7 9. Nc1 b6 10. cxb6 Qxb6 11. Qd2 a5 12. b3 Ba6 13. Be2 c5 14. dxc5 Nxc5 15. Rb1 Qb4 16. Bxa6 Rxa6 17. N1e2 Rc8 18. 0-0 Ne6 19. Rfc1 Rac6 20. Na4 Nd7 21. Rxc6 Rxc6 22. Qxb4 axb4 23. Rc1 Ne5 24. Bd2 f5 25. exf5 gxf5 26. Bxb4 Nd4 27. Re1 Nd3 28. Bc3 Nxe2+ 29. Rxe2 Bxc3 30. Rxe7 Bf6 0-1

[Event "EU-Cup 19th"]
[Site "Rethymno"]
[Date "2003.09.28"]
[Round "1.2"]
[White "Sax, Gyula"]
[Black "Scekic, Milos"]
[Result "1-0"]
[WhiteElo "2521"]
[BlackElo "2434"]
[PlyCount "66"]
[EventDate "2003.09.28"]
[EventType "team-swiss"]
[EventRounds "7"]
[EventCountry "GRE"]
[SourceTitle "CBM 098"]
[Source "ChessBase"]
[SourceDate "2004.02.03"]
[SourceVersion "1"]
[SourceVersionDate "2004.02.03"]
[SourceQuality "1"]
[WhiteTeam "Zalaegerszeg"]
[BlackTeam "Glasinac"]
[WhiteTeamCountry "HUN"]
[BlackTeamCountry "BIH"]

1. e4 e5 2. Nf3 Nc6 3. Bb5 a6 4. Ba4 d6 5. c3 Bd7 6. d4 Nge7 7. d5 Nb8 8. c4 Ng6 9. g3 Be7 10. h4 0-0 11. Bxd7 Qxd7 12. Ng5 Re8 13. Nc3 b5 14. Qb3 Qg4 15. cxb5 h6 16. Nh3 axb5 17. Qxb5 c6 18. Qe2 Qd7 19. h5 Nf8 20. Be3 Bd8 21. Kf1 Ba5 22. dxc6 Nxc6 23. Nd5 Rab8 24. Kg2 Ne6 25. Rhc1 Ned4 26. Qd1 Rxb2 27. Bxd4 exd4 28. Qa4 Bc3 29. Nxc3 Rb4 30. Qa6 dxc3 31. Rxc3 Ne7 32. Rcc1 Nc8 33. Rc2 Ne7 1-0

[Event "Belgrade Jezero op 09th"]
[Site "Belgrade"]
[Date "2003.08.17"]
[Round "4"]
[White "Popovic, Aleksandar M"]
[Black "Scekic, Milos"]
[Result "1-0"]
[WhiteElo "2232"]
[BlackElo "2434"]
[PlyCount "73"]
[EventDate "2003.08.14"]
[EventType "swiss"]
[EventRounds "9"]
[EventCountry "YUG"]
[SourceTitle "EXT 2004"]
[Source "ChessBase"]
[SourceDate "2003.11.25"]
[SourceVersion "1"]
[SourceVersionDate "2003.11.25"]
[SourceQuality "1"]

1. e4 c6 2. d4 d6 3. Nc3 Nf6 4. f4 Qa5 5. Bd2 Qb6 6. Nf3 Bg4 7. h3 Bxf3 8. Qxf3 Qxd4 9. 0-0-0 Nbd7 10. g4 0-0-0 11. Be3 Qb4 12. Rd4 Qb6 13. g5 Ne8 14. Ra4 c5 15. Nd5 Qc6 16. Rxa7 e6 17. Bd2 Nb8 18. Ba5 exd5 19. exd5 Qa4 20. h4 Rd7 21. Bh3 Be7 22. Re1 Bd8 23. Re4 Qb5 24. a4 Qxa5 25. Rxa5 Bxa5 26. Re7 Kd8 27. Re2 Rc7 28. Qe4 Na6 29. Qc4 Nb8 30. h5 h6 31. Qe4 hxg5 32. fxg5 c4 33. h6 gxh6 34. gxh6 f6 35. Bf5 b5 36. axb5 Bb4 37. b6 1-0

[Event "BIH-chT 2nd"]
[Site "Jahorina"]
[Date "2003.06.26"]
[Round "8"]
[White "Zelic, Zdravko"]
[Black "Scekic, Milos"]
[Result "1/2-1/2"]
[WhiteElo "2383"]
[BlackElo "2435"]
[PlyCount "83"]
[EventDate "2003.06.21"]
[EventType "team-tourn"]
[EventRounds "9"]
[EventCountry "BIH"]
[SourceTitle "EXT 2019"]
[Source "ChessBase"]
[SourceDate "2018.10.10"]
[SourceVersion "1"]
[SourceVersionDate "2018.10.10"]
[SourceQuality "1"]
[WhiteTeam "Bugojno Napredak"]
[BlackTeam "Sokolac Glasinac"]
[WhiteTeamCountry "BIH"]
[BlackTeamCountry "BIH"]

1. e4 c6 2. d4 d6 3. Nc3 Nf6 4. Nf3 Bg4 5. Be2 e6 6. 0-0 d5 7. Bg5 Be7 8. e5 Bxf3 9. Bxf3 Nfd7 10. Bxe7 Qxe7 11. Be2 a6 12. f4 c5 13. Kh1 Nc6 14. dxc5 Nxc5 15. Bd3 h5 16. Qd2 g6 17. Rae1 h4 18. f5 0-0-0 19. fxg6 fxg6 20. Bxg6 Rhf8 21. Bd3 Qg7 22. b4 Nxb4 23. Na4 Nbxd3 24. cxd3 Nxa4 25. Qc2+ Kb8 26. Qxa4 Rxf1+ 27. Rxf1 Rg8 28. Qc2 Qxe5 29. Qf2 Qg5 30. d4 Ka7 31. Rb1 Rg7 32. h3 Rc7 33. Qb2 Qf5 34. a4 Qc2 35. Qb6+ Kb8 36. Rf1 Qc6 37. Qb4 Qc4 38. Rf8+ Ka7 39. Qd6 Rc8 40. Rxc8 Qxc8 41. a5 Qc1+ 42. Kh2 1/2-1/2